Chủng ngừa ung thư cổ tử cung /

Na minha lista:
Detalhes bibliográficos
Autor principal: Trần Thy Nhân.
Formato: Artigo
Idioma:Vietnamese
Assuntos:
Tags: Adicionar Tag
Sem tags, seja o primeiro a adicionar uma tag!
Thư viện lưu trữ: Thư viện Trường Đại học Đà Lạt
LEADER 00760nam a2200277 4500
001 DLU100105606
005 ##20100405
040 # # |a DLU  |b vie 
041 # # |a vie 
044 # # |a vn 
100 # # |a Trần Thy Nhân. 
245 # # |a Chủng ngừa ung thư cổ tử cung /  |c Trần Thy Nhân. 
653 # # |a Chăm sóc sức khỏe 
653 # # |a Phòng ngừa 
653 # # |a Tiên chủng 
653 # # |a Ung thư 
773 # # |t Thuốc và sức khỏe  |g Số5(356), 2008, tr. 24 
920 # # |a Phòng Tạp chí -- Trung tâm Thông tin - Thư viện Trường Đại học Đà Lạt 
994 # # |a DLU 
900 # # |a True 
911 # # |a Nguyễn Thị Linh Chi 
925 # # |a G 
926 # # |a A 
927 # # |a BB 
980 # # |a Thư viện Trường Đại học Đà Lạt